00605nam a2200169Ia 4500008004100000041000800041082001600049100002400065245005500089260002700144300000800171365001600179700002400195906005000219999001900269952014700288230718s9999 xx 000 0 und d aeng a621.81bNOR aNorton R.L.9133855 aKinematics And Dynamics Of Machinery (In SI Units) c2009bTata McGraw-Hill a782 cRs.b450.00 aNorton R.L.9133855 dO:0030526-Sep-2009B:134601-Sep-2009cMECHb90 c322592d322592 00104070aCCEPbCCEPd2009-09-26eTbsfMECHg360.00i1346l0o621.81pCCEP-BK-33799r2023-07-18 00:00:00t90v450.00w2009-09-01yBKz033799